[Event "EU-ch Seniors 09th"]
[Site "Rogaska Slatina"]
[Date "2009.07.27"]
[Round "6"]
[White "Sorokin, Valentin"]
[Black "Svensson, Leif"]
[Result "1-0"]
[WhiteElo "2319"]
[BlackElo "2165"]
[PlyCount "69"]
[EventDate "2009.07.22"]
[EventType "swiss"]
[EventRounds "9"]
[EventCountry "SLO"]
[SourceTitle "CBM 131 Extra"]
[Source "ChessBase"]
[SourceDate "2009.09.03"]
[SourceVersion "2"]
[SourceVersionDate "2009.09.16"]
[SourceQuality "1"]

1. e4 e5 2. Nf3 Nc6 3. Bb5 a6 4. Ba4 Nf6 5. 0-0 b5 6. Bb3 Bb7 7. d3 Bc5 8. Nc3 d6 9. a3 0-0 10. Ne2 Bc8 11. Ng3 Bg4 12. c3 Qd7 13. Bg5 Nh5 14. Nf5 Bxf5 15. exf5 h6 16. Bxh6 gxh6 17. Nxe5 dxe5 18. Qxh5 Qd6 19. Rae1 Rad8 20. Re4 Qf6 21. Rg4+ Kh7 22. Bxf7 Ne7 23. Bg6+ Kg7 24. Rg3 Rh8 25. Re1 Kf8 26. d4 Bd6 27. Rge3 exd4 28. cxd4 Nd5 29. Re4 Qg5 30. Qf3 Nf6 31. Qb3 Rd7 32. h4 Qd2 33. Re6 Kg7 34. h5 Qf4 35. Rxf6 1-0

[Event "Wch Seniors 18th"]
[Site "Bad Zwischenahn"]
[Date "2008.10.30"]
[Round "3"]
[White "Gudat, Alfons"]
[Black "Sorokin, Valentin"]
[Result "1/2-1/2"]
[WhiteElo "2046"]
[BlackElo "2327"]
[PlyCount "51"]
[EventDate "2008.10.28"]
[EventType "swiss"]
[EventRounds "11"]
[EventCountry "GER"]
[SourceTitle "EXT 2009"]
[Source "ChessBase"]
[SourceDate "2008.11.26"]
[SourceVersion "1"]
[SourceVersionDate "2008.11.26"]
[SourceQuality "1"]

1. Nf3 Nf6 2. d4 e6 3. c4 b6 4. g3 Bb7 5. Bg2 Bb4+ 6. Nbd2 0-0 7. 0-0 d5 8. a3 Be7 9. b3 Nbd7 10. Bb2 c5 11. e3 cxd4 12. exd4 a6 13. Rc1 Rc8 14. Qe2 Rc7 15. Ne5 Qa8 16. cxd5 Rxc1 17. Rxc1 Nxe5 18. dxe5 Nxd5 19. Ne4 Rd8 20. f4 h6 21. h3 Rc8 22. Rxc8+ Qxc8 23. Kh2 a5 24. Nd6 Bxd6 25. exd6 Qd7 26. Qg4 1/2-1/2

[Event "Wch Seniors 17th"]
[Site "Gmunden"]
[Date "2007.09.25"]
[Round "8"]
[White "Sorokin, Valentin"]
[Black "Veselsky, Jozef"]
[Result "1-0"]
[WhiteElo "2319"]
[BlackElo "2202"]
[PlyCount "77"]
[EventDate "2007.09.17"]
[EventType "swiss"]
[EventRounds "11"]
[EventCountry "AUT"]
[SourceTitle "CBM 120 Extra"]
[Source "ChessBase"]
[SourceDate "2007.11.01"]
[SourceVersion "1"]
[SourceVersionDate "2007.11.01"]
[SourceQuality "1"]

1. c4 e6 2. d4 d5 3. Nc3 Nf6 4. cxd5 exd5 5. Bg5 Be7 6. e3 h6 7. Bf4 0-0 8. Bd3 Re8 9. Nf3 Bd6 10. Bg3 Bxg3 11. hxg3 Bg4 12. Qb3 Bxf3 13. gxf3 Nc6 14. 0-0-0 Na5 15. Qc2 Nc6 16. Bf5 Ne7 17. g4 Nxf5 18. Qxf5 Qc8 19. Qf4 Nh7 20. Nxd5 Qd7 21. e4 Rac8 22. Kb1 Re6 23. Qe3 Rd8 24. Nf4 Rb6 25. Rd3 Ng5 26. Nd5 Rd6 27. Rhd1 Re8 28. Nc3 Re7 29. f4 Nxe4 30. Nxe4 Rde6 31. f3 f5 32. gxf5 Rb6 33. f6 gxf6 34. f5 Qxf5 35. Qxh6 Rg7 36. Qh2 Re6 37. d5 Re8 38. d6 Rh7 39. Qc2 1-0

[Event "EU-ch Seniors 05th"]
[Site "Bad Homburg"]
[Date "2005.??.??"]
[Round "7"]
[White "Hvenekilde, Jorgen"]
[Black "Sorokin, Valentin"]
[Result "1/2-1/2"]
[WhiteElo "2221"]
[BlackElo "2375"]
[PlyCount "115"]
[EventDate "2005.06.25"]
[EventType "swiss"]
[EventRounds "9"]
[EventCountry "GER"]
[SourceTitle "EXT 2006"]
[Source "ChessBase"]
[SourceDate "2005.11.24"]
[SourceVersion "1"]
[SourceVersionDate "2005.11.24"]
[SourceQuality "1"]

1. d4 Nf6 2. Bg5 c5 3. d5 Qb6 4. Nc3 Qxb2 5. Bd2 Qb6 6. e4 d6 7. f4 e6 8. Nf3 Be7 9. Rb1 Qc7 10. dxe6 Bxe6 11. e5 dxe5 12. fxe5 Nfd7 13. Nb5 Qc6 14. Bd3 a6 15. Nc3 Qc7 16. 0-0 Nc6 17. Be4 0-0 18. Bg5 Ndxe5 19. Bxe7 Nxf3+ 20. Qxf3 Qxe7 21. Rxb7 Qxb7 22. Bxc6 Qa7 23. Bxa8 Qxa8 24. Qxa8 Rxa8 25. Rb1 h6 26. Rb6 Rd8 27. Ne4 Bxa2 28. Rxa6 Bc4 29. Rd6 Rxd6 30. Nxd6 Bd5 31. c3 Kf8 32. Nf5 f6 33. Ne3 Be6 34. Kf2 Ke7 35. Nf1 Kd6 36. g3 Ke5 37. Ke3 f5 38. Nd2 Bd5 39. Kf2 f4 40. gxf4+ Kxf4 41. c4 Be6 42. Nb3 Bxc4 43. Nxc5 h5 44. Na4 g5 45. Nb2 Bb5 46. Nd1 Bc6 47. Ne3 h4 48. Nc2 Be4 49. Ne3 Bb7 50. Nf1 Kg4 51. Ne3+ Kh3 52. Kg1 Be4 53. Nd1 Kg4 54. Kf2 Kf4 55. Ne3 g4 56. Nf1 Bd3 57. Nd2 h3 58. Nf1 1/2-1/2

[Event "EU-ch Seniors 05th"]
[Site "Bad Homburg"]
[Date "2005.??.??"]
[Round "1"]
[White "Schweizer, Horst"]
[Black "Sorokin, Valentin"]
[Result "0-1"]
[WhiteElo "2007"]
[BlackElo "2375"]
[PlyCount "62"]
[EventDate "2005.06.25"]
[EventType "swiss"]
[EventRounds "9"]
[EventCountry "GER"]
[SourceTitle "EXT 2006"]
[Source "ChessBase"]
[SourceDate "2005.11.24"]
[SourceVersion "1"]
[SourceVersionDate "2005.11.24"]
[SourceQuality "1"]

1. e4 c5 2. Nf3 d6 3. d4 cxd4 4. Nxd4 Nf6 5. Nc3 a6 6. Be2 e6 7. 0-0 Be7 8. Be3 0-0 9. Qd2 b5 10. a3 Bb7 11. f3 Nbd7 12. Rfd1 Rc8 13. Bf1 Qc7 14. Qf2 Ne5 15. a4 b4 16. Na2 d5 17. exd5 Nxd5 18. Rd2 h6 19. h4 Nxe3 20. Qxe3 Bxh4 21. Nxb4 Bg5 22. f4 Ng4 23. Nxe6 fxe6 24. Qxe6+ Kh8 25. Qxg4 Rxf4 26. Nxa6 Bxa6 27. Qd7 Rd8 28. Qxd8+ Bxd8 29. Bxa6 Qb6+ 30. Kh2 Rh4+ 31. Kg3 Qe3# 0-1

[Event "EU-ch Seniors 05th"]
[Site "Bad Homburg"]
[Date "2005.??.??"]
[Round "8"]
[White "Sorokin, Valentin"]
[Black "Bierwisch, Bernhard"]
[Result "0-1"]
[WhiteElo "2375"]
[BlackElo "2197"]
[PlyCount "86"]
[EventDate "2005.06.25"]
[EventType "swiss"]
[EventRounds "9"]
[EventCountry "GER"]
[SourceTitle "EXT 2006"]
[Source "ChessBase"]
[SourceDate "2005.11.24"]
[SourceVersion "1"]
[SourceVersionDate "2005.11.24"]
[SourceQuality "1"]

1. d4 Nf6 2. Nf3 g6 3. c4 Bg7 4. Nc3 d6 5. e4 0-0 6. Be2 e5 7. 0-0 Nc6 8. d5 Ne7 9. b4 a5 10. bxa5 Rxa5 11. a4 Nd7 12. Ba3 f5 13. Nd2 fxe4 14. Ncxe4 Nf5 15. Bb4 Ra8 16. Ra3 Nd4 17. Bg4 Nf6 18. Bxc8 Rxc8 19. a5 Nxe4 20. Nxe4 Rf4 21. Re1 Rf7 22. Bd2 Qd7 23. Be3 h6 24. Ra2 Ra8 25. Qd2 Kh7 26. Qb4 c5 27. dxc6 Nxc6 28. Qb5 Nd4 29. Qd5 Ra6 30. c5 Nf5 31. cxd6 Rc6 32. Bc5 Nh4 33. Ra3 Rf4 34. Rh3 Qg4 35. Rg3 Rxe4 36. Be3 Rxe3 37. Rgxe3 Rxd6 38. Qxb7 Rd7 39. Qc6 Ra7 40. h3 Qg5 41. Ra3 Qd2 42. Re4 Rf7 43. Rxh4 Qxf2+ 0-1

[Event "EU-ch Seniors 05th"]
[Site "Bad Homburg"]
[Date "2005.??.??"]
[Round "6"]
[White "Sorokin, Valentin"]
[Black "Tchetchelnitski, Boris"]
[Result "1/2-1/2"]
[WhiteElo "2375"]
[BlackElo "2184"]
[PlyCount "89"]
[EventDate "2005.06.25"]
[EventType "swiss"]
[EventRounds "9"]
[EventCountry "GER"]
[SourceTitle "EXT 2006"]
[Source "ChessBase"]
[SourceDate "2005.11.24"]
[SourceVersion "1"]
[SourceVersionDate "2005.11.24"]
[SourceQuality "1"]

1. Nf3 f5 2. e4 fxe4 3. Ng5 Nf6 4. d3 d5 5. dxe4 h6 6. Nf3 dxe4 7. Qxd8+ Kxd8 8. Ne5 Be6 9. Nc3 Nbd7 10. Ng6 Rg8 11. Bf4 c6 12. 0-0-0 Ke8 13. Be2 Bf7 14. Ne5 g5 15. Nxd7 Nxd7 16. Be3 Nf6 17. Rd4 Bg7 18. Ra4 a6 19. Rd1 Rd8 20. Rxd8+ Kxd8 21. Bb6+ Kc8 22. Nxe4 Nd5 23. Bc5 Kc7 24. g3 Bg6 25. Bd3 Be5 26. Ra3 Bd6 27. Nxd6 exd6 28. Bd4 Bxd3 29. Rxd3 Rf8 30. f3 Rf7 31. a3 Ne7 32. Kd2 c5 33. Bc3 Kc6 34. Ke2 Nd5 35. Bd2 b5 36. b3 Re7+ 37. Kf2 Re6 38. f4 g4 39. Bc1 Ne7 40. Re3 Kd7 41. Rd3 Nf5 42. Bb2 Re7 43. Rd5 Ke6 44. Rd2 h5 45. Re2+ 1/2-1/2

[Event "RUS-ch Seniors"]
[Site "Tula"]
[Date "2004.05.10"]
[Round "1"]
[White "Kleimenov, Yury Afanasievich"]
[Black "Sorokin, Valentin"]
[Result "0-1"]
[WhiteElo "2221"]
[BlackElo "2394"]
[PlyCount "48"]
[EventDate "2004.05.??"]
[EventType "swiss"]
[EventRounds "9"]
[EventCountry "RUS"]
[SourceTitle "EXT 2005"]
[Source "ChessBase"]
[SourceDate "2004.11.15"]
[SourceVersion "1"]
[SourceVersionDate "2004.11.15"]
[SourceQuality "1"]

1. Nf3 d5 2. c4 c6 3. b3 Bg4 4. g3 Bxf3 5. exf3 e5 6. Nc3 Nf6 7. Bg2 Bb4 8. 0-0 0-0 9. cxd5 cxd5 10. Ne2 Nc6 11. d3 Re8 12. f4 Qe7 13. Bb2 e4 14. Nd4 Nxd4 15. Bxd4 Bc5 16. Bxf6 Qxf6 17. dxe4 dxe4 18. Qd5 Bxf2+ 19. Kxf2 Qb6+ 20. Ke2 Rad8 21. Qg5 h6 22. Qh5 g6 23. Qxh6 Qb5+ 24. Kf2 Qc5+ 0-1